| 000 | 00393nam a2200157Ia 4500 | ||
|---|---|---|---|
| 008 | 250916s9999 xx 000 0 und d | ||
| 020 | _a978-0-357-50565-6 | ||
| 082 | _a808.066378 YAG | ||
| 100 | _aYagelski, Robert P. | ||
| 245 | 0 | _aWriting: ten core concepts | |
| 250 | _a3rd | ||
| 260 |
_aAustralia: _bCENGAGE Learning, _c2022 |
||
| 300 | _a937 p. | ||
| 600 | _aManagement | ||
| 942 | _cBK | ||
| 999 |
_c31626 _d31626 |
||